Diagnóstico teológico pastoral de la Venezuela contemporánea

Uloženo v:
Podrobná bibliografie
Hlavní autor: Porras Cardozo, Baltazar Enrique (Autor)
Médium: Kniha
Jazyk:španělština
Vydáno: Caracas Trípode 1978
Témata:
Tagy: Přidat tag
Žádné tagy, Buďte první, kdo vytvoří štítek k tomuto záznamu!

MARC

LEADER 00000nam a2200000 a 4500
001 UCR3078
003 CL-VaPUC
008 980123e19780000VE |||||||||||||||||spa|d
082 0 4 |a 253  |b POR  |2 21 
100 0 |a Porras Cardozo, Baltazar Enrique  |e author  |9 401870 
245 1 0 |a Diagnóstico teológico pastoral de la Venezuela contemporánea 
300 |a 367 p 
942 |c BK 
945 |d 19980123 00:00:00  |a rleighto 
260 |a Caracas  |b Trípode  |c 1978 
650 0 |a Religión   |9 255164 
650 0 |a Teología pastoral   |9 257832 
650 0 |a Iglesia   |9 255004 
650 0 |a Política  |9 255312 
650 7 |a EVANGELIZACION  |2 CL-VaPUC  |9 401871 
583 |a last modification  |c 20190801 07:03:50  |k Rodrigo Vera 
999 |c 266185  |d 266183 
952 |0 0  |1 0  |4 0  |6 253_000000000000000_POR_1978  |7 0  |8 A  |9 297579  |a BIBTEO  |b BIBTEO  |d 2019-11-20  |i 3369676  |o 253 POR 1978  |p 3369676  |r 2025-01-17  |w 2019-11-20  |y BK  |k ICR